| 000 | 00386cam a2200157ua 4500 | ||
|---|---|---|---|
| 041 |
_aeng _h |
||
| 082 |
_a410 _bBLO/LA |
||
| 100 | _aBloomfield, Leonard . | ||
| 245 |
_aLanguage / _cLeonard Bloomfield. _hTextual Documents |
||
| 260 |
_aLondon : _bGeorge Allen & Unwin Ltd , _c1967. |
||
| 300 | _a566 ; . | ||
| 504 | _a | ||
| 942 | _cBK | ||
| 999 |
_c7925 _d7925 |
||